Rural energy project Northern Vietnam Resettlement action plan

Zapisane w:
Opis bibliograficzny
organizacja autorów: Electricity of Vietnam., Power company No.1
Format: Książka
Język:Undetermined
Wydane: Washington DC The World Bank 2003
Etykiety: Dodaj etykietę
Nie ma etykietki, Dołącz pierwszą etykiete!
Thư viện lưu trữ: Trung tâm Học liệu Trường Đại học Cần Thơ
LEADER 00540nam a2200181Ia 4500
001 CTU_62668
008 210402s9999 xx 000 0 und d
082 |a 363.61 
082 |b E37rr 
110 |a Electricity of Vietnam. 
110 |b Power company No.1 
245 0 |a Rural energy project Northern Vietnam 
245 0 |b Resettlement action plan 
245 0 |c Electricity of Vietnam. Power company No.1 
260 |a Washington DC 
260 |b The World Bank 
260 |c 2003 
980 |a Trung tâm Học liệu Trường Đại học Cần Thơ